00455nam a2200193Ia 4500008004000000020001800040041000800058082001600066100002000082245004500102260003700147300001200184650001300196650001000209650000800219650001300227650001300240650000800253210210b2011 xxu||||| |||| 00| 0 eng d a9788131604571 aeng a320.55 JAIP aJAIN (Vidya) Ed aPeace non violence and gandhian concerns aJaipurbRawat Publicationsc2011 axix,288 aviolence aPeace anon agandhian aconcerns aand